Faculty of Law Library — Cairo University

Official Online Catalog

السياسة الجنائية لمواجهة الجماعات الإرهابية (دراسة مقارنة) / (Record no. 60878)

MARC details
000 -LEADER
fixed length control field 04653nam a2200469 i 4500
003 - CONTROL NUMBER IDENTIFIER
control field EG-GICUC
005 - أخر تعامل مع التسجيلة
control field 20260204160112.0
008 - FIXED-LENGTH DATA ELEMENTS--GENERAL INFORMATION
fixed length control field 260204s2025 ua |||f m||| 00| 0 ara d
040 ## - CATALOGING SOURCE
Original cataloguing agency EG-GICUC
Transcribing agency EG-GICUC
Modifying agency EG-GICUC
Description conventions rda
Language of cataloging: ara
041 0# - LANGUAGE CODE
Language code of text/sound track or separate title ara
049 ## - Acquisition Source
Acquisition Source إهداء
082 04 - DEWEY DECIMAL CLASSIFICATION NUMBER
Classification number 343.435062
Edition number 21
097 ## - Degree
Degree Ph.D
099 ## - LOCAL FREE-TEXT CALL NUMBER (OCLC)
Local Call Number Law 10 PHD 2025
100 0# - MAIN ENTRY--PERSONAL NAME
Authority record control number or standard number أحمد محمد معتز مصطفي سليم
Preparation مؤلف.
245 10 - TITLE STATEMENT
Title السياسة الجنائية لمواجهة الجماعات الإرهابية (دراسة مقارنة) /
Statement of responsibility, etc. إعداد أحمد محمد معتز مصطفي سليم؛ إشراف الأستاذ الدكتور أحمد عوض بلال.
264 #0 - PRODUCTION, PUBLICATION, DISTRIBUTION, MANUFACTURE, AND COPYRIGHT NOTICE
Place of production, publication, distribution, manufacture القاهرة:
Name of producer, publisher, distributor, manufacturer كلية الحقوق- جامعة القاهرة،
Date of production, publication, distribution, manufacture, or copyright notice 2025.
300 ## - PHYSICAL DESCRIPTION
Extent 375 صفحة؛
Dimensions 25 سم.
336 ## - CONTENT TYPE
Content type term text
Source rda content
337 ## - MEDIA TYPE
Media type term Computer
Source rda media
338 ## - CARRIER TYPE
Carrier type term Online Resource
Source rda carrier
500 ## - General note
General note رسائل نسخة منفردة
502 ## - DISSERTATION NOTE
Dissertation note أطروحة (دكتوراة)- جامعة القاهرة، كلية الحقوق، قسم القانون الجنائي، 2025.
504 ## - BIBLIOGRAPHY, ETC. NOTE
Bibliography, etc. note ببليوجرافيا: صفحات 330-368
520 3# - SUMMARY, ETC.
Summary, etc. تؤكد النتائج أن مواجهة الإرهاب لا يمكن أن تقتصر على الجانب العقابي وحده؛ إذ إن السياسات الجنائية مهما بلغت من صرامة، تبقى عاجزة عن تحقيق الردع الكامل ما لم تقترن بسياسات وقائية تعالج منابع الفكر المتطرف، سواء عبر التعليم أو الخطاب الديني أو الإعلام. ومن هنا تبرز الحاجة إلى استراتيجية شاملة تتكامل فيها التشريعات مع الأدوات الوقائية والفكرية والمجتمعية.<br/><br/>وتبين من خلال نتائج الدراسة أن السياسة الجنائية الفاعلة لمكافحة الإرهاب تقوم على ثلاث ركائز رئيسة الردع القانوني عبر تجريم الأفعال الإرهابية بمختلف صورها وفرض عقوبات رادعة، والضمانات الدستورية التي تحافظ على حقوق المتهمين وتضمن إجراءات عادلة، والوقاية الفكرية والمجتمعية التي تهدف إلى معالجة الجذور التي تنتج التطرف، من خلال إصلاحالتعليم، وتجديد الخطاب الديني، وتفعيل دور الإعلام والثقافة في نشر قيم التسامحوالمواطنة.<br/><br/>أظهرت الدراسة أن التشريع المصري حقق تقدما ملموسا في مجال الردع، غير أن بعض النصوص تحتاج إلى تطوير يمنحها مرونة أكبر لمواجهة أنماط الإرهاب الحديثة، خصوصا تلك التي تعتمد على الفضاء الرقمي وشبكات التمويل العابرة للحدود. كما بينت أن تعزيز دور القضاء في الرقابة على تطبيق الإجراءات الاستثنائية يساهم في ترسيخ الثقة بمنظومة العدالة.<br/><br/>انتهت الدراسة إلى أن السياسة الجنائية التي تستند إلى هذه الأركان الثلاثة قادرة على تحقيق حماية المجتمع، وصون استقرار الدولة، وترسيخ مبادئ العدالة في آن واحد. ومن ثم، تقدم الرسالة رؤية متكاملة السياسة جنائية معاصرة تستجيب لمتطلبات الأمن القومي، وتواكب التحولات السريعة في طبيعة الجريمة الإرهابية.
546 ## - LANGUAGE NOTE
Text Language الملخص باللغة العربية
650 04 - SUBJECT ADDED ENTRY--TOPICAL TERM
Topical term or geographic name entry element القانون الجنائي
653 ## - INDEX TERM--UNCONTROLLED
Uncontrolled term السياسة الجنائية
653 ## - INDEX TERM--UNCONTROLLED
Uncontrolled term مكافحة الإرهاب
653 ## - INDEX TERM--UNCONTROLLED
Uncontrolled term الردع القانوني
653 ## - INDEX TERM--UNCONTROLLED
Uncontrolled term الضمانات الدستورية
653 ## - INDEX TERM--UNCONTROLLED
Uncontrolled term الوقاية الفكرية والمجتمعية
653 ## - INDEX TERM--UNCONTROLLED
Uncontrolled term الإرهاب الرقمي
653 ## - INDEX TERM--UNCONTROLLED
Uncontrolled term التعاون الدولي
655 #4 - INDEX TERM--GENRE/FORM
Genre/form data or focus term رسائل جامعية
Geographic subdivision جامعة القاهرة
General subdivision القانون الجنائي
700 0# - ADDED ENTRY--PERSONAL NAME
Personal name أحمد عوض بلال
Relator term مشرف.
710 2# - ADDED ENTRY--CORPORATE NAME
Corporate name or jurisdiction name as entry element جامعة القاهرة.
Subordinate unit كلية الحقوق
856 ## - ELECTRONIC LOCATION AND ACCESS
Uniform Resource Identifier <a href="https://fll.law.cu.edu.eg/fulltext/th/T10-04261.pdf">https://fll.law.cu.edu.eg/fulltext/th/T10-04261.pdf</a>
900 ## - Thesis Information
Grant date 2025
Universities جامعة القاهرة
Faculties كلية الحقوق
Department قسم القانون الجنائي
905 ## - Cataloger and Reviser Names
Cataloger Name: Hoda
942 ## - ADDED ENTRY ELEMENTS (KOHA)
Source of classification or shelving scheme Dewey Decimal Classification
Koha item type Thesis
Edition 21
Suppress in OPAC No
Holdings
Source of classification or shelving scheme Collection Home library Current library Date acquired Full call number Barcode Date last seen Copy number Effective from Koha item type
Dewey Decimal Classification القانون الجنائي جــــامعة القــاهرة مكتبة كلية الحقوق - المبنى الرئيسي 04.02.2026 Law1 10 PHD 2025 1004261 C1 T10-04261 04.02.2026 1 04.02.2026 Thesis
Dewey Decimal Classification القانون الجنائي جــــامعة القــاهرة مكتبة كلية الحقوق - المبنى الرئيسي 04.02.2026 Law1 10 PHD 2025 1004262 C2 T10-04262 04.02.2026 2 04.02.2026 Thesis
Dewey Decimal Classification القانون الجنائي جــــامعة القــاهرة مكتبة كلية الحقوق - فـرع الشيخ زايد 04.02.2026 Law2 10 PHD 2025 1004263 C3 T10-04263 04.02.2026 3 04.02.2026 Thesis

© All rights reserved — Faculty of Law, Cairo University